| 000 | 00546nam a22001697a 4500 | ||
|---|---|---|---|
| 008 | 230621b |||||||| |||| 00| 0 eng d | ||
| 020 | _a81-7033-220-2 | ||
| 040 |
_aNational Science Library _cNational Science Library |
||
| 080 |
_a626.8 _bN4 |
||
| 245 |
_aPlanning for sustainability in irrigation: _bCommand area development and Indira Gandhi canal project |
||
| 260 |
_aJaipur: _bRawat Publications, _c1994 |
||
| 300 | _aix, 328p. | ||
| 650 | _aIrrigation | ||
| 653 | _aCanal projects | ||
| 700 | _aHooja, Rakesh (Ed.) | ||
| 942 |
_2udc _cBK |
||
| 999 |
_c45823 _d45823 |
||